[Event "Hasselbacken Open 2018"]
[Site "Stockholm"]
[Date "2018.11.02"]
[Round "4"]
[White "Medvedyk, Volodymyr"]
[Black "Lindberg, Bengt"]
[Result "0-1"]
[WhiteElo "2303"]
[BlackElo "2401"]
[Annotator "TA"]
[PlyCount "68"]
[EventDate "2018.11.02"]
[EventCountry "SWE"]
[SourceTitle "playchess.com"]
[Source "ChessBase"]
[SourceQuality "1"]

{[%evp 26,67,0,0,54,0,0,0,0,0,0,0,0,-171,-139,-164,-5,-14,0,-17,0,-271,-265,-29982,-29983,-29983,-29984,-29984,-29985,-29985,-29986,-29986,-5273,-29995,-29994,-29996,-29995,-29995,-29996,-29997,-29998,-29998,-29999,-29999]} 1. d4 Nf6 2. c4 e6 3. g3 d5 4. Nf3 Be7 5. Bg2 O-O 6. O-O dxc4 7. Qc2 a6 8. a4 Bd7 9. Rd1 Bc6 10. Nc3 Bxf3 11. Bxf3 Nc6 12. Bxc6 bxc6 13. a5 Rb8 {E05: Katalanisch} 14. Qa4 {LiveBook: 17 Partien} (14. Ra4 Rb4 15. Na2 Rxa4 16. Qxa4 Qb8 17. Qxc4 Qb5 18. Qxb5 cxb5 19. Be3 Nd5 20. Rc1 Rc8 21. Rc6 {½-½ (52) Grigoriants,S (2576)-Nakamura,H (2786) chess.com INT 2017}) 14... Nd5 $146 ({Günstiger ist} 14... Bb4 $11) ({Vorgänger:} 14... Bb4 15. Na2 Be7 16. Qxc4 Qd5 17. Qxd5 cxd5 18. b4 Ne4 19. Bf4 Bxb4 20. Bxc7 Rb5 21. Nxb4 Rxb4 {1-0 (53) Atalik,S (2512)-Karavade,E (2399) Veliko Gradiste 2018}) 15. Qxc6 (15. Qxc4 $14 Nb4 16. e4) 15... Nxc3 $1 $11 {Die Stellung ist ausgeglichen.} 16. bxc3 Qd5 $1 {[%cal Rd5c6]} 17. Qxc7 Bd6 18. Qd7 f5 {[%cal Bf7f5,Bf5f4][%mdl 32]} 19. Bg5 $2 {[#]} (19. f3 $11 {und Weiss ist OK.}) 19... Rf7 $1 $19 {[%cal Rf7d7][%mdl 1024] Schwarz hat starke Kompensation.} 20. Qa4 h6 $2 (20... f4 $19 21. gxf4 Bxf4 22. Bxf4 Rxf4) 21. Bc1 f4 $36 {[%mdl 2048] ...Tbf8 ist eine echte Drohung. Schwarz hat Druck.} 22. Qc2 Rbf8 {Und weiter mit ...fxg3 wäre nett.} 23. e4 $2 {[%mdl 8192] [#]} (23. gxf4 $1 $11 Qh5 24. Qe4 Bxf4 25. Bxf4 Qg4+ 26. Qg2 Qxf4 27. Ra4) 23... Qh5 $1 {zielt auf ...fxg3 ab.} 24. Bb2 $2 (24. Bxf4 $19 Bxf4 25. Rf1) 24... fxg3 25. fxg3 {[#]} Rf2 $1 {[%mdl 512]} 26. Qxf2 Rxf2 27. Kxf2 Qxh2+ 28. Ke3 Bxg3 (28... Qxg3+ $142 29. Ke2 Qg4+ 30. Kd2 Qxe4 31. Rg1 Bf4+ 32. Kd1 Be3 33. Bc1 Qd3+ 34. Ke1 Qxc3+ 35. Kf1 Qxa1 36. Kg2 Bxg1 37. Kxg1 Qxc1+ 38. Kf2 Qd2+ 39. Kf3 c3 40. Kg4 c2 41. Kg3 c1=Q 42. Kh4 Qh2+ 43. Kg4 Qcf4#) 29. Kf3 Qf2+ {Schwarz setzt Matt.} 30. Kg4 Qf4+ 31. Kh3 Qf3 32. Rg1 Bf4+ 33. Kh4 g5+ 34. Rxg5+ hxg5# {Precision: Weiß = 33%, Schwarz = 64%.} 0-1

[Event "Hasselbacken Open 2018"]
[Site "Stockholm"]
[Date "2018.11.02"]
[Round "4"]
[White "Thorn, Eric"]
[Black "Lindgren, Philip"]
[Result "1/2-1/2"]
[WhiteElo "2300"]
[BlackElo "2374"]
[Annotator "TA"]
[PlyCount "24"]
[EventDate "2018.11.02"]
[EventCountry "SWE"]
[SourceTitle "playchess.com"]
[Source "ChessBase"]
[SourceQuality "1"]

{[%evp 19,24,44,45,25,27,27,26]} 1. d4 Nf6 2. c4 e6 3. Nc3 d5 4. Nf3 Nbd7 5. cxd5 exd5 6. Bf4 c6 7. h3 Be7 8. e3 Nf8 9. Bd3 Ng6 10. Bh2 Bd6 {LiveBook: 20 Games. D35: Queen's Gambit Declined: Exchange Variation} 11. O-O $146 ({Predecessor:} 11. Bxd6 Qxd6 12. O-O O-O 13. Rb1 Re8 14. b4 a6 15. a4 Ne4 16. Bxe4 dxe4 17. Nd2 f5 18. b5 axb5 19. axb5 Be6 20. bxc6 bxc6 {½-½ (63) Nakamura,H (2791)-Vachier Lagrave,M (2819) chess.com INT 2016}) 11... Bxh2+ 12. Nxh2 O-O 1/2-1/2

[Event "Hasselbacken Open 2018"]
[Site "Stockholm"]
[Date "2018.11.02"]
[Round "4"]
[White "Petersson, Baldur Teodor"]
[Black "Schneider, Stefan"]
[Result "0-1"]
[WhiteElo "2181"]
[BlackElo "2365"]
[Annotator "TA"]
[PlyCount "102"]
[EventDate "2018.11.02"]
[EventCountry "SWE"]
[SourceTitle "playchess.com"]
[Source "ChessBase"]
[SourceQuality "1"]

{[%evp 9,102,10,37,17,54,52,94,75,89,86,89,83,104,97,129,92,114,92,95,96,83,79,94,105,157,154,168,169,163,108,113,105,95,102,110,112,106,46,87,88,102,89,80,70,120,-9,175,156,216,195,225,225,208,193,194,205,268,169,182,143,184,154,289,156,319,0,0,16,393,-1050,-947,-1063,-1047,-792,-706,-29974,-29973,-29959,-29963,-29953,-29944,-29957,-29953,-29985,-29986,-29986,-29987,-29987,-29988,-29988,-29989,-29989,-29987,-29987,-29988]} 1. e4 c6 2. d4 d5 3. e5 Bf5 4. g4 Bc8 (4... Be4 5. f3 Bg6 6. h4 h5 7. e6 Qd6 8. exf7+ Bxf7 9. Be3 hxg4 10. fxg4 Nf6 11. Nc3 Qe6 12. Kd2 Nxg4 13. Bg5 Nf2 14. Qf3 Nxh1 15. Qxh1 Qd6 16. Bh3 e6 {0-1 (30) Vallejo Pons,F (2717)-So,W (2810) Tbilisi 2017}) 5. c4 e6 6. Nc3 {B12: Caro-Kann (Vorstoß-Variante)} dxc4 7. Bxc4 Nd7 8. Ne4 $146 {Weiß steht besser.} ({Vorgänger:} 8. h4 Nb6 9. Bb3 Ne7 10. f4 h5 11. Ne4 Ned5 12. gxh5 {1-0 (66) Heier,O (1806)-Lindbol,A (1678) Oslo 2015}) 8... Nb6 9. Bb3 $1 Nd5 10. Nf3 Be7 11. Qe2 a5 {[%cal Ba7a5,Ba5a4][%mdl 32]} 12. a3 a4 13. Ba2 b6 14. Bd2 Ba6 15. Bc4 Bxc4 16. Qxc4 Rc8 (16... c5 $142) 17. Qxa4 $16 f5 18. gxf5 exf5 19. Neg5 (19. Ng3 $18) 19... Bxg5 20. Nxg5 h6 21. Nf3 Nge7 22. Rg1 $36 {[%mdl 2048] Läuft bei Weiss.} g5 23. h3 (23. O-O-O $1 $16) 23... Qd7 24. O-O-O Qe6 25. Kb1 f4 26. Rg4 Qf5+ {[#]} 27. Ka1 ({Besser ist} 27. Qc2 $1 $16) 27... Qe4 $2 (27... Qd3 $11 {und Schwarz muss sich keine Sorgen machen.} 28. Ne1 Qxh3) 28. Qb3 $18 b5 (28... Nf5 $16 29. h4 gxh4) 29. h4 {[%cal Bh3h4,Bh4g5][%mdl 32]} b4 30. hxg5 h5 31. Rgg1 bxa3 32. bxa3 {Droht g6 und aus.} O-O 33. Rde1 Rb8 34. Qxb8 ({Und nicht} 34. Rxe4 Rxb3 35. Ne1 Rxa3+ 36. Kb2 Ra6 $17) 34... Qxf3 35. Qb2 {Schwarz muss nun Th1 beachten.} Nf5 (35... Ra8 $16 36. Bc1 h4) 36. Ka2 (36. Bc1 $18) 36... Qd3 $2 {[#]} (36... Ra8 $16 {war nötig.}) 37. Rd1 $2 ({Weiss braucht} 37. Rc1 $1 $18) 37... Nxd4 $11 {...Ta8 ist eine echte Drohung.} 38. Bb4 Qc4+ $2 {[%mdl 8192]} (38... Nxb4+ $11 {und Schwarz steht sicher.} 39. Qxb4 Qc2+ 40. Qb2 Qc4+ 41. Kb1 Ne2) 39. Ka1 $4 {[%mdl 8192]} (39. Kb1 $18 Ne6 40. Rc1 Qd3+ 41. Qc2 Qxc2+ 42. Kxc2) 39... Nxb4 $19 40. axb4 Ra8+ 41. Kb1 Nb5 {( -> ...Sc3+)} 42. Rc1 Qe4+ {Schwarz setzt Matt.} 43. Rc2 Na3+ 44. Kc1 Nxc2 45. Qxc2 {[%mdl 4096] Endspiel KDT-KDT} Ra1+ 46. Kd2 Qxc2+ 47. Kxc2 Rxg1 48. Kd3 Kf7 49. Ke4 Ke6 50. Kxf4 Rg4+ 51. Kf3 Kxe5 {Precision: Weiß = 47%, Schwarz = 45%.} 0-1

[Event "Hasselbacken Open 2018"]
[Site "Stockholm"]
[Date "2018.11.02"]
[Round "4"]
[White "Pettersson, Alexander"]
[Black "Malmstig, Erik"]
[Result "1-0"]
[WhiteElo "2002"]
[BlackElo "2333"]
[Annotator "TA"]
[PlyCount "105"]
[EventDate "2018.11.02"]
[EventCountry "SWE"]
[SourceTitle "playchess.com"]
[Source "ChessBase"]
[SourceQuality "1"]

{[%evp 18,105,62,55,74,68,66,65,71,62,136,116,188,143,256,243,227,183,652,652,652,652,652,652,652,652,652,614,731,637,645,645,645,632,609,568,902,740,685,604,603,603,601,598,588,585,573,572,591,576,647,635,679,679,663,658,661,672,650,640,814,807,789,772,761,743,768,764,754,734,781,718,29975,29976,29978,29979,29982,29981,29980,29975,29980,29977,29980,29981,29985,29986,29987,29988,29988,29989]} 1. d4 Nf6 2. c4 {[%cal Bc2c4,Bc4b5,Bb5b6][%mdl 32]} c5 3. d5 b5 4. cxb5 a6 5. b6 d6 6. Nf3 Nbd7 7. Nc3 g6 8. a4 {A57: Benko/Volga Gambit} (8. e4 Bg7 9. Bd3 O-O 10. O-O Nxb6 11. h3 Ne8 12. Re1 Nc7 13. Bg5 f6 14. Bf4 Bd7 15. Qd2 a5 16. Rad1 a4 {0-1 (49) Kamsky,G (2721)-Ponomariov,R (2731) Beijing 2013}) 8... a5 9. e4 Qxb6 10. Bb5 {LiveBook: 4 Games. Black must now prevent e5.White is slightly better.} Ba6 11. O-O Bxb5 12. axb5 Bg7 13. Nd2 Ne5 ({Better is} 13... O-O $14) 14. Kh1 $146 ({Predecessor:} 14. Qe2 g5 15. Nc4 Nxc4 16. Qxc4 {1-0 (48) Wachinger,G (2240)-Lochte,T (2192) Bayern 2006}) 14... c4 (14... g5 $16) 15. Qe2 $18 {aiming for f4.} ({But not} 15. f4 Neg4 $16) 15... Rc8 (15... Qd4 $16 {was called for.}) 16. f4 Nd3 {[#]} 17. Nxc4 $1 {[%mdl 512]} Qd4 $2 (17... Rxc4 18. Be3 (18. Qxd3 Rb4 $16) 18... Qd8) 18. Nxa5 Rxc3 19. bxc3 Qxe4 20. Qxe4 Nxe4 21. Nc6 O-O 22. Ra3 Bxc3 23. b6 Ndc5 24. Be3 Bf6 25. Ra7 e6 26. b7 Nd7 27. Ra8 exd5 28. Rxf8+ Kxf8 29. Rd1 Nc3 30. Rd3 Ke8 31. b8=Q+ Nxb8 32. Nxb8 Kd8 33. Bd4 Bxd4 {[%mdl 4096] Endgame KRN-KBN} 34. Nc6+ Kc7 35. Nxd4 Ne4 {[#] Strongly threatening ...Nf2+.} 36. Kg1 Kb6 37. Kf1 Kc5 38. Ke2 f5 39. Ne6+ Kc6 40. Ng5 Nf6 41. h3 h6 42. Ne6 Ne4 43. Nd4+ Kc5 44. Nb3+ Kc4 45. Nd2+ {White mates.} Kc5 46. Nxe4+ fxe4 {KR-KP} 47. Rc3+ Kd4 48. Ra3 Kc4 49. Ra4+ Kc5 50. Ke3 Kc6 51. Kd4 Kd7 52. Kxd5 e3 53. Re4 {Precision: White = 89%, Black = 35%.} 1-0

[Event "Hasselbacken Open 2018"]
[Site "Stockholm"]
[Date "2018.11.03"]
[Round "5"]
[White "Agdestein, Simen"]
[Black "Brynell, Stellan"]
[Result "1-0"]
[WhiteElo "2574"]
[BlackElo "2398"]
[Annotator "TA"]
[PlyCount "49"]
[EventDate "2018.11.02"]
[EventCountry "SWE"]
[SourceTitle "playchess.com"]
[Source "ChessBase"]
[SourceQuality "1"]

{[%evp 24,49,56,72,54,24,28,27,25,12,101,83,95,17,27,0,0,14,29,16,70,0,0,0,33,28,338,312]} 1. e4 e6 2. d4 d5 3. Nc3 dxe4 4. Nxe4 Be7 5. Nf3 Nf6 6. Bd3 Nbd7 7. O-O c5 8. Nxc5 Nxc5 9. dxc5 Bxc5 10. Qe2 O-O 11. Bg5 Be7 12. Rad1 Qc7 13. Ne5 b6 {C10: French with 3 Nc3: Unusual Black 3rd moves and 3...dxe4} (13... Rd8 14. Rfe1 Bd7 15. Bxh7+ Kf8 16. Bd3 Be8 17. Qf3 Rd5 18. Qh3 Rxe5 19. Qh8+ Ng8 20. Bxe7+ Kxe7 21. Qxg8 {1-0 (49) Kryvoruchko,Y (2711)-Zlatanovic,B (2378) Struga 2018}) 14. c4 Bb7 15. Bxf6 Bxf6 {White has an edge.} 16. Nd7 $1 ({Avoid the trap} 16. Qh5 $2 g6 $19) 16... Rfd8 (16... Qc6 $1 $11 17. Nxf6+ gxf6) 17. Nxf6+ $40 {[%mdl 128] White is out for blood.} gxf6 18. Qg4+ ({Better is} 18. Qh5 $16) 18... Kf8 $11 19. Bxh7 Ke7 $146 {[#] Threatens to win with ...Rh8.} 20. Rfe1 {Intending Rxe6+! and mate.} Rxd1 21. Rxd1 Qe5 ({Black should try} 21... Rh8 $11 22. Qg7 Rd8 23. Rxd8 Qxd8) 22. Qh3 (22. h4 $14) 22... f5 23. Qh4+ Kf8 24. h3 Kg7 $2 {[%mdl 8192] [#]} (24... Ke8 $11) 25. Rd7 {Precision: White = 47%, Black = 29%.} 1-0

[Event "Hasselbacken Open 2018"]
[Site "Stockholm"]
[Date "2018.11.03"]
[Round "5"]
[White "Lyrberg, Patrik"]
[Black "Wahlund, Max"]
[Result "1-0"]
[WhiteElo "2440"]
[BlackElo "2126"]
[Annotator "TA"]
[PlyCount "89"]
[EventDate "2018.11.02"]
[EventCountry "SWE"]
[SourceTitle "playchess.com"]
[Source "ChessBase"]
[SourceQuality "1"]

{[%evp 9,89,0,0,0,8,-14,-11,-10,-10,-18,0,0,0,-18,-4,-9,-2,-10,0,0,12,0,101,66,66,72,82,-15,0,-72,-80,-94,-16,-14,34,0,25,18,32,14,38,0,0,-24,-24,-32,-24,-36,-30,-41,10,0,0,0,0,0,175,171,176,167,190,183,183,183,183,182,176,176,185,1,8,0,0,-12,410,373,1255,603,1241,1085,1722,1306]} 1. e4 e6 2. d4 d5 3. Nd2 dxe4 4. Nxe4 Nd7 5. Bg5 (5. g3 Be7 6. Bg2 Ngf6 7. Nxf6+ Bxf6 8. Nf3 O-O 9. O-O e5 10. Be3 exd4 11. Bxd4 c5 12. Be3 Bxb2 13. Rb1 Bf6 14. Nd2 Bd4 15. Bxd4 cxd4 16. Nb3 {½-½ (38) Aronian,L (2764)-So,W (2778) Paris 2018}) 5... Be7 6. Bxe7 {C10: French with 3 Nc3: Unusual Black 3rd moves and 3...dxe4} Qxe7 7. Qd2 Ngf6 8. Nxf6+ {The position is equal.} Nxf6 9. O-O-O $146 ({Predecessor:} 9. Bb5+ Bd7 10. Bxd7+ Nxd7 11. Nf3 O-O 12. O-O Nb6 13. c3 Rfd8 14. Qc2 c6 {½-½ (14) Lacha,J (1783)-Klanica,A (1729) Olomouc 2017}) 9... Bd7 10. Nf3 O-O 11. Ne5 Rfd8 12. g4 Be8 13. g5 Nd7 $36 {[%cal Bf6d7,Bd7f8,Bf8g6,Bg6e7,Be7f5][%mdl 2080] Threatens to win with ...Nxe5. White is under pressure.} 14. Ng4 Nf8 15. Qe3 {[#]} Qb4 (15... c5 $1 $11 {[%mdl 512] keeps the balance.}) 16. Be2 Ng6 17. h4 Ne7 18. g6 (18. Bd3 $16) 18... Nf5 19. gxh7+ (19. gxf7+ $1 $11 Bxf7 20. Qe5) 19... Kh8 $1 $17 20. Qc3 Qxc3 (20... Rxd4 $17 21. Qxb4 Rxb4) 21. bxc3 $11 Kxh7 22. Ne3 Nd6 23. Bd3+ Kh8 24. Rhg1 Bc6 25. Rg5 f6 26. Rc5 Bf3 27. Re1 c6 28. Nc4 Nxc4 29. Rxc4 Rd6 (29... a5 $15) 30. Ra4 a5 31. c4 Rxd4 32. Rxe6 b5 $2 {[#]} (32... Bh5 $11) 33. Rxa5 $1 $18 {[%mdl 512]} Rc8 (33... Rxa5 34. Re8#) 34. Re3 bxc4 {[#]} 35. Bf5 $1 {[%cal Rf5c8]} Rd1+ 36. Kb2 Rb8+ {[#]} 37. Kc3 $1 Bd5 38. Ra7 Rf1 39. a4 $2 (39. Rae7 $18 Rg8 40. Bg6) 39... Rxf2 $11 40. Bg6 {Hoping for Rae7.} f5 $1 41. Rae7 {Strongly threatening Re8+.} f4 $2 {[%mdl 8192]} (41... Be4 $1 $11 {and Black has nothing to worry.} 42. R3xe4 fxe4) 42. Re8+ Rxe8 $2 (42... Bg8 43. R3e7 (43. Rxb8 fxe3 44. Re8 Rf6 $18) 43... Rxe8 44. Rxe8 Rf3+ 45. Kd4 Re3) 43. Rxe8+ $18 {White is clearly winning.} Bg8 44. Bf7 f3 45. Bxg8 {Precision: White = 47%, Black = 40%.} 1-0

[Event "Hasselbacken Open 2018"]
[Site "Stockholm"]
[Date "2018.11.03"]
[Round "5"]
[White "Lindberg, Bengt"]
[Black "Cramling, Pia"]
[Result "0-1"]
[WhiteElo "2401"]
[BlackElo "2456"]
[Annotator "TA"]
[PlyCount "110"]
[EventDate "2018.11.02"]
[EventCountry "SWE"]
[SourceTitle "playchess.com"]
[Source "ChessBase"]
[SourceQuality "1"]

{[%evp 31,110,0,0,0,0,0,0,0,22,-27,-37,-17,-40,-31,-10,-62,-66,-54,-54,-51,-48,-119,-37,-69,-69,-71,-71,-78,-78,-69,-45,-72,-47,-49,0,0,0,0,0,-57,-8,-29,0,-60,0,-76,-79,-77,-41,-114,-102,-116,-60,-78,-67,-87,-4,-132,-106,-260,-228,-254,-243,-197,-156,-156,-156,-222,-225,-753,-719,-1697,-1023,-925,-822,-791,0,-940,-921,-29990,-29991]} 1. e4 {Hecht,H} c5 2. Nf3 d6 3. d4 cxd4 4. Nxd4 Nf6 5. Nc3 a6 6. Be2 e5 7. Nb3 Be7 8. Be3 Be6 9. O-O Nbd7 10. a4 O-O 11. a5 Rc8 12. f3 Qc7 13. Qd2 Rfd8 14. Rfd1 {B92: Sicilian Najdorf: 6 Be2} Nc5 15. Nxc5 dxc5 16. Qe1 Rxd1 {LiveBook: 8 Games} 17. Nxd1 (17. Bxd1 c4 18. Na4 Qc6 19. Kh1 {½-½ (19) Smirin,I (2650)-Najer,E (2663) Netanya 2009}) 17... c4 18. Bb6 $146 ({Predecessor:} 18. Rb1 h6 19. b4 cxb3 20. cxb3 Qc2 21. Rb2 {0-1 (38) Leosson,T (2160)-Gallagher,J (2490) Reykjavik 1998 CBM 064 [Hecht,H]}) 18... Qc6 19. Bf2 Qb5 20. c3 Qb3 21. Qd2 Rd8 22. Qc1 Nd7 $1 {[%cal Bf6d7,Bd7c5,Bc5d3][%mdl 32]} 23. Ne3 (23. Qb1 $11) 23... Nc5 $36 {[%mdl 2048] Black has good play.} 24. Ra3 Qb5 $1 {aiming for ...Nd3.} ({Reject} 24... Nd3 $6 25. Rxb3 Nxc1 26. Rxb7 $14) 25. b4 $1 {[%cal Rb4c5]} Nd3 26. Bxd3 (26. Qf1 $15) 26... Rxd3 (26... cxd3 $17 27. Qd2 Bg5) 27. Ra1 Bg5 28. Qe1 Qd7 29. Nf1 h5 30. Be3 Be7 31. Bf2 Kh7 (31... h4 $5 32. h3 Bg5 $15) 32. Bh4 Bf8 33. Bg5 f6 34. Be3 g6 35. h3 (35. Ng3 $11) 35... Be7 36. Bf2 Bf8 37. Be3 $1 f5 ({Black should try} 37... Bg7 $15) 38. Bg5 {[#]} (38. exf5 $11 gxf5 39. Bc5) 38... f4 $1 $17 39. Bf6 Bd6 40. Ra2 (40. Rc1 $1 $15) 40... Bb8 41. Rd2 {[#]} Kg8 (41... Qd6 $1 $17 42. Bh4 Qc6) 42. Kh2 Kf7 43. Bh4 Qa4 ({Black should play} 43... Bd6 $17) 44. Bf2 (44. Rxd3 $11 cxd3 45. Bd8) 44... g5 45. Bc5 $2 (45. Bg1 $17 {was called for.}) 45... Qb3 $19 46. Rxd3 cxd3 47. Qd2 Qb1 48. Kg1 Bb3 49. Kf2 (49. Bb6 $17) 49... Bd1 50. g4 $2 {[#]} (50. Qe1) 50... Bxf3 $1 {[%mdl 512]} 51. Nh2 (51. Kxf3 Qxf1+) 51... Bxe4 {Threatens to win with ...Qh1.} 52. gxh5 Qc2 53. Ke1 Qb1+ 54. Kf2 $1 Qh1 55. Qa2+ Bd5 {Precision: White = 35%, Black = 47%.} 0-1

[Event "Hasselbacken Open 2018"]
[Site "Stockholm"]
[Date "2018.11.03"]
[Round "5"]
[White "Lindgren, Philip"]
[Black "Bellon Lopez, Juan Manuel"]
[Result "1/2-1/2"]
[WhiteElo "2374"]
[BlackElo "2337"]
[Annotator "TA"]
[PlyCount "130"]
[EventDate "2018.11.02"]
[EventCountry "SWE"]
[SourceTitle "playchess.com"]
[Source "ChessBase"]
[SourceQuality "1"]

{[%evp 16,130,10,4,10,7,21,10,6,10,11,5,14,2,10,0,0,0,0,-15,0,0,12,0,0,0,0,0,1,0,0,0,27,0,19,0,0,0,0,0,0,0,0,-6,0,0,0,0,0,0,0,0,0,0,0,0,0,0,0,0,0,0,0,0,0,0,0,0,0,0,0,0,0,0,0,0,0,0,0,0,0,0,0,0,0,0,0,0,0,0,0,0,0,0,0,0,0,0,0,0,0,0,0,0,0,0,0,0,0,0,0,0,0,0,0,0,0]} 1. c4 c6 2. Nf3 d5 3. d4 Nf6 4. Nc3 e6 5. e3 a6 6. a4 Bb4 7. Bd3 {D15: Slav Defence: 4 Nc3 a6 and gambit lines after 4 Nc3 dxc4} (7. Bd2 b6 8. Bd3 c5 9. cxd5 exd5 10. Ne5 Bb7 11. Ne2 Bxd2+ 12. Qxd2 Nbd7 13. O-O O-O 14. Nxd7 Qxd7 15. dxc5 bxc5 {1-0 (48) Shankland,S (2446)-Lenderman,A (2434) Ledyard 2009}) 7... c5 8. O-O dxc4 9. Bxc4 {LiveBook: 3 Games} cxd4 10. exd4 O-O 11. Bg5 h6 12. Bh4 Be7 13. Qe2 Nc6 {[%cal Bb8c6,Bc6e7,Be7f5][%mdl 32]} 14. Rad1 $146 ({Predecessor:} 14. Rfd1 Bd7 15. Bg3 Rc8 16. d5 exd5 17. Nxd5 Nxd5 18. Bxd5 Bf6 19. Qe3 Qe7 20. Qxe7 Bxe7 21. Bxf7+ Rxf7 22. Rxd7 {½-½ (34) Scheer,W (2263)-Vehlow,B (2272) Remote email 2013}) 14... Nd5 15. Bxe7 Ncxe7 16. Ne5 b6 17. Rd3 f6 (17... Bb7 $5 {[%cal Rd5f4]} 18. Nxd5 Bxd5 $11) 18. Bxd5 exd5 19. Nf3 Nf5 20. Re1 Ra7 21. Qc2 Rc7 22. Qb3 Rc4 23. h3 h5 24. Nd2 (24. Qd1 {feels hotter.} g6 25. Nh2 Rc6 26. Nf1 Re6 27. Ne3) 24... Rxd4 {The position is equal.} 25. Nxd5 Rxd3 26. Qxd3 Bb7 27. Qxf5 {[#] White wants to mate with Ne7+.} Qxd5 {[%csl Gb7][%cal Rd5g2]} 28. Qe6+ Kh7 {[%csl Gb7][%cal Rd5g2]} 29. Nf3 Qxe6 (29... b5 {seems wilder.} 30. axb5 axb5 31. Qxd5 Bxd5 32. Nd4 Bc4) 30. Rxe6 Bxf3 31. gxf3 $11 {[%mdl 4096] Endgame KR-KR} Rb8 32. b4 Kg6 33. a5 bxa5 34. bxa5 Ra8 35. Rb6 h4 36. Rb7 Rc8 37. Rb6 Rc1+ 38. Kg2 Ra1 39. Rxa6 Kf5 40. Ra8 g5 41. a6 Kf4 42. Ra7 Ra3 43. Ra8 f5 44. Ra7 Ra1 45. Ra8 Ra5 46. Ra7 Ra4 47. Ra8 Ra2 48. Ra7 Ra1 49. Ra8 Ra2 50. Ra7 Ra3 51. Ra8 Rxf3 52. Rb8 {[#] White threatens Rb4+ and mate.} Ra3 53. Rb4+ Ke5 54. Rb5+ Ke4 55. Rb4+ Kd3 56. Rb5 Ke4 57. Rb4+ Ke5 58. Rb5+ Ke4 59. Rb4+ Kd5 60. Rb5+ Ke6 61. Rb6+ Ke5 62. Rb5+ Ke4 63. Rb4+ Ke5 64. Rb5+ Ke4 65. Rb4+ Ke5 {Precision: White = 76%, Black = 78%.} 1/2-1/2

[Event "Hasselbacken Open 2018"]
[Site "Stockholm"]
[Date "2018.11.03"]
[Round "5"]
[White "Schneider, Stefan"]
[Black "Pettersson, Alexander"]
[Result "1-0"]
[WhiteElo "2365"]
[BlackElo "2002"]
[Annotator "TA"]
[PlyCount "95"]
[EventDate "2018.11.02"]
[EventCountry "SWE"]
[SourceTitle "playchess.com"]
[Source "ChessBase"]
[SourceQuality "1"]

{[%evp 17,95,14,44,38,40,40,46,35,37,40,85,87,77,75,97,33,33,29,46,39,50,64,63,58,70,49,51,28,118,118,110,45,143,133,159,148,147,121,121,122,124,102,102,109,120,102,130,127,127,106,110,102,127,122,128,125,121,91,110,112,170,175,171,170,284,279,275,275,275,246,518,436,400,313,29987,29988,29988,29989,29989,29990]} 1. d4 d5 2. Bf4 Nf6 3. e3 e6 4. Nd2 Bd6 5. Bg3 c5 6. Ngf3 Nc6 7. c3 O-O 8. Bb5 {D02: 1 d4 d5 2 Nf3 sidelines, including 2...Nf6 3 g3 and 2...Nf6 3 Bf4} (8. Bd3 b6 9. Qe2 Bb7 10. Rd1 Re8 11. e4 Be7 12. e5 Nh5 13. h4 Nxg3 14. fxg3 Rf8 15. Bxh7+ Kxh7 16. Ng5+ Kh6 17. Qd3 g6 18. h5 Kg7 19. Nxe6+ fxe6 20. Qxg6+ Kh8 21. Qh6+ Kg8 22. Qg6+ Kh8 23. Qh6+ {½-½ (23) Esipenko,A (2609)-Alekseenko,K (2639) Sochi 2018}) 8... cxd4 9. exd4 Qc7 {LiveBook: 5 Games} 10. Bxd6 {White is slightly better.} Qxd6 11. O-O Bd7 12. Qe2 $146 ({Predecessor:} 12. Bxc6 Bxc6 13. Ne5 Rfc8 14. Re1 {½-½ (13) Tu,H (2391)-Cao,S (2407) Ho Chi Minh 2017}) 12... a6 13. Bd3 Qf4 14. Ne5 Nxe5 15. dxe5 Ng4 {[%csl Gg4][%cal Rf4h2] [#]} 16. Nf3 (16. g3 $16 Qh6 17. f4) 16... f6 $14 {[%cal Rf6e5]} 17. g3 Qh6 {And now ...Qh3 would win.} 18. h4 Nxe5 19. Nxe5 fxe5 20. Qxe5 Qd2 21. Qd4 Kh8 22. Rfe1 Rf6 (22... Qxb2 $11 23. Rab1 (23. Reb1 Qd2 $11) 23... Qxa2) 23. Re2 $16 Qh6 24. Re5 ({Better is} 24. Kg2 $16) 24... Raf8 (24... Qd2 $14) 25. f4 Bb5 26. Bxb5 axb5 27. Rae1 Qg6 28. Kh2 h6 29. Qe3 Ra8 30. a3 {[%cal Re5e6]} Ra6 31. Qe2 Rb6 32. Kh3 Kg8 33. Qe3 Rc6 34. Qa7 Rf7 35. R1e2 Qd3 {...Rxf4 would now be nice for Black.} 36. Kh2 Qf3 37. Rf2 Qg4 38. Qa5 Kh7 (38... Qd1 $16 {was called for.}) 39. Qxb5 $18 Rc4 40. Re3 g5 (40... Qf5 {was worth a try.} 41. Rfe2 Qg4 42. Rxe6 Rcxf4 43. Qd3+ (43. gxf4 Qxh4+ 44. Kg2 Qg4+ 45. Kh1 Qf3+ 46. Rg2 Qh3+ 47. Kg1 Qxe6 $15) 43... R4f5) 41. Qe8 Kg7 42. hxg5 ({Not} 42. Rxe6 gxf4 43. Rg2 fxg3+ 44. Rxg3 Rf2+ 45. Kh1 Rf1+ 46. Kh2 (46. Kg2 Rg1+ 47. Kxg1 Qxg3+ 48. Kf1 Rf4+ 49. Ke2 Rf2+ 50. Kd1 Qd3+ 51. Ke1 Rf1#) 46... Rf2+ 47. Kh1 Rf1+ 48. Kh2 (48. Kg2 Rg1+ 49. Kxg1 Qxg3+ 50. Kf1 Rf4+ 51. Ke2 Rf2+ 52. Kd1 Qd3+ 53. Ke1 Rf1#) 48... Rf2+ $11) 42... hxg5 43. Qxe6 ({Much less strong is} 43. Rxe6 $6 gxf4 44. Kh1 (44. Kg1 f3 $11) 44... Rc6 $18) 43... Qh5+ $2 {[#]} (43... Qxe6 {was necessary.} 44. Rxe6 gxf4 45. Rxf4 Rfxf4 46. gxf4 Rxf4) 44. Kg2 gxf4 45. gxf4 Kf8 $2 (45... Rc6 $18 46. Re5 Rxe6 47. Rxh5 Rd6) 46. Qe8+ {White mates.} Kg7 47. Rg3+ Kf6 48. Rg5 {Precision: White = 52%, Black = 38%.} 1-0